[Event "IECC CL7-2004.10 email"]
[Site "IECC email"]
[Date "2004.06.09"]
[Round "?"]
[White "Young, Luke"]
[Black "Dockery, Donovan"]
[Result "0-1"]
[WhiteElo "1053"]
[BlackElo "993"]
[PlyCount "44"]
[EventDate "2004.??.??"]
[EventType "tourn (corr)"]
[EventRounds "4"]
[SourceTitle "Corr 2008"]
[Source "ChessBase"]
[SourceDate "2008.06.24"]
[SourceVersion "1"]
[SourceVersionDate "2008.06.24"]
[SourceQuality "1"]

1. d4 f5 2. c4 d6 3. d5 e5 4. f4 e4 5. e3 Nf6 6. Nc3 Be7 7. Be2 c6 8. Qa4 Bd7 9. dxc6 Bxc6 10. Qa5 Qxa5 11. Bd2 0-0 12. Nxe4 Qc7 13. Nxf6+ Bxf6 14. Nf3 Bxb2 15. 0-0 Bxa1 16. Rxa1 Nd7 17. Nd4 Rfe8 18. Nxf5 d5 19. Bf3 dxc4 20. Bc3 Bxf3 21. gxf3 Qc5 22. Bd4 Qxf5 0-1

[Event "IECC Swiss-467.2"]
[Site "IECC email"]
[Date "2003.12.12"]
[Round "?"]
[White "Quadri, Sergio"]
[Black "Young, Luke"]
[Result "1-0"]
[WhiteElo "2130"]
[BlackElo "1069"]
[PlyCount "41"]
[EventDate "2003.??.??"]
[EventType "swiss (corr)"]
[EventRounds "1"]
[SourceTitle "Corr 2020"]
[Source "ChessBase"]
[SourceDate "2019.09.30"]
[SourceVersion "1"]
[SourceVersionDate "2019.09.30"]
[SourceQuality "1"]
[WhiteTeam "Argentina"]
[BlackTeam "Canada"]
[WhiteTeamCountry "ARG"]
[BlackTeamCountry "CAN"]

1. e4 e6 2. d4 c6 3. Nf3 d5 4. Nc3 Bb4 5. e5 Bxc3+ 6. bxc3 c5 7. Bd3 c4 8. Be2 Nc6 9. 0-0 Nh6 10. Bxh6 gxh6 11. Qd2 h5 12. Qh6 Qa5 13. Qg7 Qxc3 14. Qxh8+ Kd7 15. Qxh7 Nxd4 16. Qxf7+ Kc6 17. Nxd4+ Qxd4 18. Qe8+ Kc5 19. Qe7+ Kb6 20. Rab1+ Ka6 21. Qa3# 1-0

[Event "P-3548"]
[Site "IECC email"]
[Date "2003.11.24"]
[Round "?"]
[White "Booth, Grahame"]
[Black "Young, Luke"]
[Result "1-0"]
[WhiteElo "878"]
[BlackElo "1093"]
[PlyCount "55"]
[EventDate "2003.??.??"]
[EventType "tourn (corr)"]
[SourceTitle "Corr 2020"]
[Source "ChessBase"]
[SourceDate "2019.09.30"]
[SourceVersion "1"]
[SourceVersionDate "2019.09.30"]
[SourceQuality "1"]
[WhiteTeam "Canada"]
[BlackTeam "Canada"]
[WhiteTeamCountry "CAN"]
[BlackTeamCountry "CAN"]

1. d4 d5 2. Nf3 c5 3. c4 e6 4. cxd5 Nf6 5. e3 Nxd5 6. Bc4 Nc6 7. 0-0 Bd6 8. e4 Nf4 9. Bxf4 Bxf4 10. dxc5 Qf6 11. Nc3 0-0 12. g3 Qg6 13. Nb5 Rd8 14. Qc2 a6 15. Nh4 Qf6 16. gxf4 Qxh4 17. Nc7 Ra7 18. Rad1 Qxf4 19. Rxd8+ Nxd8 20. Ne8 Qg5+ 21. Kh1 g6 22. Qc3 e5 23. f4 Qe7 24. Nd6 exf4 25. Nxc8 Qxe4+ 26. Kg1 b5 27. Rd1 Qb7 28. Rxd8# 1-0

[Event "IECC CL7-2003.22 email"]
[Site "IECC email"]
[Date "2003.10.10"]
[Round "?"]
[White "Young, Luke"]
[Black "Burns, Paul"]
[Result "1-0"]
[WhiteElo "1073"]
[BlackElo "1125"]
[PlyCount "41"]
[EventDate "2003.??.??"]
[EventType "tourn (corr)"]
[EventRounds "4"]
[SourceTitle "Corr 2008"]
[Source "ChessBase"]
[SourceDate "2008.06.24"]
[SourceVersion "1"]
[SourceVersionDate "2008.06.24"]
[SourceQuality "1"]

1. d4 d5 2. c4 dxc4 3. e4 e6 4. Nc3 Nc6 5. Nf3 Nf6 6. Bxc4 Na5 7. Qa4+ c6 8. Bd2 Qb6 9. 0-0-0 Ng4 10. Nd5 Qd8 11. Bxa5 b6 12. Qxc6+ Bd7 13. Nc7+ Ke7 14. Qxa8 Qxc7 15. Bb4+ Kf6 16. e5+ Kf5 17. Nh4+ Kg5 18. Bd2+ Kxh4 19. Qf3 Qxc4+ 20. Kb1 Ba4 21. Qh3# 1-0

[Event "IECC CL8-2003.06 email"]
[Site "IECC email"]
[Date "2003.03.26"]
[Round "?"]
[White "Walters, George"]
[Black "Young, Luke"]
[Result "0-1"]
[WhiteElo "1000"]
[BlackElo "1011"]
[PlyCount "44"]
[EventDate "2003.??.??"]
[EventType "tourn (corr)"]
[EventRounds "4"]
[SourceTitle "Corr 2008"]
[Source "ChessBase"]
[SourceDate "2008.06.24"]
[SourceVersion "1"]
[SourceVersionDate "2008.06.24"]
[SourceQuality "1"]

1. e3 d5 2. Nh3 e5 3. c3 e4 4. Na3 Nf6 5. Rg1 Bd6 6. g3 0-0 7. Qc2 Nc6 8. Nf4 Bg4 9. h3 Bf3 10. g4 Ne5 11. g5 Nh5 12. Nxd5 Bxa3 13. bxa3 Qxd5 14. Bb2 Nd3+ 15. Bxd3 exd3 16. Qb3 Qc6 17. Rb1 b6 18. a4 Rfe8 19. Ba3 Nf4 20. Rg3 Bh5 21. Qb5 Qh1+ 22. Rg1 Qxg1# 0-1

[Event "IECC CL8-2002.13"]
[Site "IECC email"]
[Date "2002.12.17"]
[Round "?"]
[White "Young, Luke"]
[Black "Mitchell, TT."]
[Result "0-1"]
[WhiteElo "1000"]
[BlackElo "824"]
[PlyCount "68"]
[EventDate "2002.??.??"]
[EventType "tourn (corr)"]
[EventRounds "4"]
[SourceTitle "Corr 2008"]
[Source "ChessBase"]
[SourceDate "2008.06.24"]
[SourceVersion "1"]
[SourceVersionDate "2008.06.24"]
[SourceQuality "1"]

1. e4 e5 2. Nf3 Nc6 3. b3 f6 4. d4 Bb4+ 5. Bd2 Bxd2+ 6. Qxd2 a6 7. d5 Nd4 8. Nxd4 exd4 9. Qxd4 d6 10. c4 b6 11. g3 Ne7 12. Be2 0-0 13. 0-0 Ng6 14. Re1 Ne5 15. Nd2 Qe8 16. a4 Qg6 17. a5 Nd7 18. b4 Nc5 19. f4 Re8 20. f5 Qg5 21. axb6 Nd7 22. c5 cxb6 23. cxb6 Bb7 24. Nc4 Ne5 25. Nxd6 Re7 26. Nxb7 Rxb7 27. Bxa6 Nf3+ 28. Kg2 Nxd4 29. Bxb7 Qd2+ 30. Kh3 Qh6+ 31. Kg2 Rxa1 32. Rxa1 Qd2+ 33. Kh1 Nf3 34. Rf1 Qxh2# 0-1